Statistics for HLTV Top 20 CS:GO players of the year (2022)

Click here to take the quiz!

General Stats

  • This quiz has been taken 18 times
  • The average score is 13 of 20

Answer Stats

#TeamPlayer% Correct
1NAVIS1mple
100%
2VitalityZywOo
100%
5G2NiKo
93%
7G2m0NESY
86%
13FaZerain
86%
8FaZeropz
86%
16NAVIb1t
71%
6FaZebroky
71%
14G2huNter-
64%
11FaZeTwistzz
64%
4Cloud9Ax1Le
57%
20OutsidersJame
57%
3Cloud9sh1ro
57%
12AstralisblameF
50%
17Mouzfrozen
50%
18VitalitySpinx
50%
10Heroicstavn
50%
9FuriaKSCERATO
43%
15LiquidYEKINDAR
43%
19Furiayuurih
36%

Score Distribution

Percentile by Number Answered

Percent of People with Each Score

Your Score History

You have not taken this quiz